All Halo Campaign Levels - Statistics

General Stats
  • This quiz has been taken 22 times
  • The average score is 40 of 104
Answer Stats
Answer % Correct
Delta Halo
94%
Halo
94%
343 Guilty Spark
82%
Pillar of Autumn
82%
Cairo Station
76%
Floodgate
76%
ONI: Sword Base
76%
Cortana
71%
New Alexandria
71%
The Covenant
71%
Winter Contingency
71%
High Charity
65%
Keyes
65%
Lone Wolf
65%
Regret
65%
The Ark
65%
The Library
65%
The Maw
65%
The Silent Cartographer
65%
Truth and Reconciliation
65%
Tsavo Highway
65%
Armory
59%
Assault on the Control Room
59%
Before the Storm
59%
Long Night of Solace
59%
Mombasa Streets
59%
Nightfall
59%
The Storm
59%
Tip of the Spear
59%
Arbiter
53%
Crow’s Nest
53%
Gravemind
53%
Heretic
53%
NMPD HQ
53%
Noble Actual
53%
Outskirts
53%
Quarantine Zone
53%
Sierra 117
53%
Two Betrayals
53%
Data Hive
47%
Exodus
47%
Great Journey
47%
Kizingo Boulevard
47%
Metropolis
47%
Oracle
47%
Tayari Plaza
47%
The Package
47%
Uplift Reserve
47%
Arrival
41%
Coastal Highway
41%
ONI Alpha Site
41%
Sacred Icon
41%
Epilogue
35%
Infinity
35%
Kikowani Station
35%
Prepare to Drop
35%
Reclaimer
35%
Uprising
35%
Dawn
29%
Osiris
29%
Requiem
29%
Blue Team
24%
Composer
24%
Forerunner
24%
Midnight
24%
Shutdown
24%
Command Spire
18%
Genesis
18%
Guardians
18%
Meridian Station
18%
Prologue
18%
Spire
18%
The Road
18%
Warship Gbraakon
18%
Excavation Site
12%
Reunion
12%
The Breaking
12%
The Silent Auditorium
12%
The Tower
12%
Alliance
6%
Battle of Sunaion
6%
Enemy Lines
6%
Escape
6%
Evacuation
6%
Glassed
6%
House of Reckoning
6%
Outpost Tremonius
6%
Pelican Down
6%
Repository
6%
Swords of Sanghelios
6%
Unconfirmed
6%
Alpha Base
0%
Conservatory
0%
Foundation
0%
Ice Canyon
0%
Last Stand
0%
Nexus
0%
Raven Down
0%
Recovery
0%
Rubble
0%
The Sequence
0%
No matching quizzes found
Score Distribution
Percent of People with Each Score
Percentile by Number Answered
Your Score History
You have not taken this quiz